<?xml version="1.0" encoding="UTF-8"?>
<record
    xmlns:xsi="http://www.w3.org/2001/XMLSchema-instance"
    xsi:schemaLocation="http://www.loc.gov/MARC21/slim http://www.loc.gov/standards/marcxml/schema/MARC21slim.xsd"
    xmlns="http://www.loc.gov/MARC21/slim">

  <leader>04545nam a2200421 a 4500</leader>
  <controlfield tag="003">CHAP</controlfield>
  <controlfield tag="005">20240625085943.0</controlfield>
  <controlfield tag="007">ta</controlfield>
  <controlfield tag="008">240610s2021    mx abdofom||| 001 0 spa d</controlfield>
  <datafield tag="040" ind1=" " ind2=" ">
    <subfield code="e">rda</subfield>
  </datafield>
  <datafield tag="041" ind1="0" ind2=" ">
    <subfield code="a">spa</subfield>
    <subfield code="b">eng</subfield>
  </datafield>
  <datafield tag="100" ind1="1" ind2=" ">
    <subfield code="9">189177</subfield>
    <subfield code="a">Conde Vega, Mar&#xED;a Luisa</subfield>
  </datafield>
  <datafield tag="240" ind1="1" ind2="0">
    <subfield code="a">Zacatl&#xE1;n&#xB4;s apples Puebla identity attributes and differentiation.</subfield>
    <subfield code="l">Espa&#xF1;ol</subfield>
  </datafield>
  <datafield tag="245" ind1="1" ind2="0">
    <subfield code="a">Atributos de identidad y diferenciaci&#xF3;n en manzana de Zacatl&#xE1;n, Puebla / </subfield>
    <subfield code="c">Mar&#xED;a Luisa Conde Vega y Bibiana Montes Arteaga</subfield>
  </datafield>
  <datafield tag="264" ind1=" " ind2=" ">
    <subfield code="a">Chapingo, M&#xE9;xico :</subfield>
    <subfield code="b">El autor,</subfield>
    <subfield code="c">2021</subfield>
  </datafield>
  <datafield tag="300" ind1=" " ind2=" ">
    <subfield code="a">1 recurso en l&#xED;nea ( xi, 100 p&#xE1;ginas) :</subfield>
    <subfield code="b">ilustraciones, mapas, gr&#xE1;ficas, fotos</subfield>
  </datafield>
  <datafield tag="336" ind1=" " ind2=" ">
    <subfield code="2">rdacontent</subfield>
    <subfield code="a">texto</subfield>
    <subfield code="b">txt</subfield>
  </datafield>
  <datafield tag="337" ind1=" " ind2=" ">
    <subfield code="2">rdamedia</subfield>
    <subfield code="a">computadora</subfield>
    <subfield code="b">c</subfield>
  </datafield>
  <datafield tag="338" ind1=" " ind2=" ">
    <subfield code="2">rdacarrier</subfield>
    <subfield code="a">recurso en l&#xED;nea</subfield>
    <subfield code="b">cr</subfield>
  </datafield>
  <datafield tag="502" ind1=" " ind2=" ">
    <subfield code="a">Tesis</subfield>
    <subfield code="b">IA</subfield>
    <subfield code="c">Agroindustrias</subfield>
    <subfield code="d">2021</subfield>
    <subfield code="g">LIC</subfield>
  </datafield>
  <datafield tag="504" ind1=" " ind2=" ">
    <subfield code="a">Bibliograf&#xED;a: 71-81 p&#xE1;ginas</subfield>
  </datafield>
  <datafield tag="520" ind1="3" ind2=" ">
    <subfield code="a">Los alimentos tradicionales son aquellos que se han preservado a trav&#xE9;s del tiempo representando a un grupo en espec&#xED;fico y a su cultura, adem&#xE1;s de ser caracterizados por sus atributos tangibles e intangibles. El &#xCD;ndice de Adopci&#xF3;n de Innovaci&#xF3;n (InAI) y el an&#xE1;lisis econ&#xF3;mico en la producci&#xF3;n de manzana de Zacatl&#xE1;n se obtuvo mediante la aplicaci&#xF3;n de una encuesta a productores (n=20). Se aplic&#xF3; una encuesta a consumidores de manzana de Zacatl&#xE1;n (n=320) para la identificaci&#xF3;n de atributos tangibles e intangibles mediante an&#xE1;lisis conceptual y para evaluar la disposici&#xF3;n a pagar (DAP) por manzana de Zacatl&#xE1;n. La caracterizaci&#xF3;n de muestras de manzana de Zacatl&#xE1;n se llev&#xF3; a cabo mediante la t&#xE9;cnica de Perfil Flash (PF). La adopci&#xF3;n de innovaciones fue en promedio de 40 %. Las ganancias econ&#xF3;micas de los productores con un InAI mayor al 50 % fueron mayores en comparaci&#xF3;n con los productores con un InAI menor. Respecto al an&#xE1;lisis conceptual de las palabras &#x201C;manzana de Zacatl&#xE1;n&#x201D; el campo social Puebla obtuvo los mayores porcentajes en las categor&#xED;as alimentaci&#xF3;n, tipos de manzana, atributos sensoriales y calidad, tipicidad, salud, hedonismo, tradicional, formas de consumo e identidad. La mayor&#xED;a de los consumidores estuvieron dispuestos a pagar un 10 % de sobreprecio para aquellas manzanas que cuenten con una certificaci&#xF3;n y sean producidas por peque&#xF1;os productores. Los consumidores lograron diferenciar las muestras de manzana de Zacatl&#xE1;n mediante el PF.</subfield>
  </datafield>
  <datafield tag="520" ind1="3" ind2=" ">
    <subfield code="a">Traditional foods are those that have been preserved through time representing a specific group and its culture, in addition to being characterized by their tangible and intangible attributes. The Innovation Adoption Index (InAI) and the Zacatl&#xE1;n&#xB4;s apple production economic analysis were obtained by applying a survey to producers (n = 20). A survey was applied to Zacatl&#xE1;n&#xB4;s apple consumers (n = 320) to identify tangible and intangible attributes through conceptual analysis and to evaluate the willingness to pay (WTP) per Zacatl&#xE1;n&#xB4;s apple. The Zacatl&#xE1;n&#xB4;s apple samples characterization was carried out using Flash Profile (PF) technique. The innovations adoption was average 40 %. Producers with an InAI greater than 50 % obtained the highest economic gains compared to producers with a lower InAI. Regarding the words "Zacatl&#xE1;n&#xB4;s apple" conceptual analysis, the Puebla social field obtained the highest food, apples types, sensory attributes and quality, typicality, health, hedonism, traditional, consumption ways and identity categories percentages. Most consumers were willing to pay a 10 % overprice for apples that have certification and were produced by small producers. Consumers were able to differentiate Zacatl&#xE1;n&#xB4;s apple samples by using PF.</subfield>
  </datafield>
  <datafield tag="650" ind1="1" ind2="3">
    <subfield code="2">atg</subfield>
    <subfield code="9">155100</subfield>
    <subfield code="a">Manzanas  </subfield>
    <subfield code="x">Variedades</subfield>
  </datafield>
  <datafield tag="650" ind1="1" ind2="3">
    <subfield code="2">atg</subfield>
    <subfield code="9">155100</subfield>
    <subfield code="a">Manzanas  </subfield>
    <subfield code="x">Calidad del producto</subfield>
  </datafield>
  <datafield tag="650" ind1="1" ind2="3">
    <subfield code="2">atg</subfield>
    <subfield code="9">142779</subfield>
    <subfield code="a">Adopci&#xF3;n de innovaciones</subfield>
  </datafield>
  <datafield tag="650" ind1="1" ind2="3">
    <subfield code="2">atg</subfield>
    <subfield code="9">187570</subfield>
    <subfield code="a">Ciencia del consumidor</subfield>
  </datafield>
  <datafield tag="650" ind1="1" ind2="3">
    <subfield code="2">atg</subfield>
    <subfield code="9">155098</subfield>
    <subfield code="a">Apples  </subfield>
    <subfield code="x">Varieties</subfield>
  </datafield>
  <datafield tag="650" ind1="1" ind2="3">
    <subfield code="2">atg</subfield>
    <subfield code="9">155098</subfield>
    <subfield code="a">Apples  </subfield>
    <subfield code="x">Product quality</subfield>
  </datafield>
  <datafield tag="650" ind1="1" ind2="3">
    <subfield code="2">atg</subfield>
    <subfield code="9">147990</subfield>
    <subfield code="a">Innovation adoption  </subfield>
  </datafield>
  <datafield tag="650" ind1="1" ind2="3">
    <subfield code="2">atg</subfield>
    <subfield code="9">187571</subfield>
    <subfield code="a">Consumer science</subfield>
  </datafield>
  <datafield tag="700" ind1="1" ind2=" ">
    <subfield code="9">189178</subfield>
    <subfield code="a">Montes Arteaga, Bibiana</subfield>
    <subfield code="e">autora</subfield>
  </datafield>
  <datafield tag="700" ind1="1" ind2=" ">
    <subfield code="9">147446</subfield>
    <subfield code="a">Espejel Garc&#xED;a, Anastacio</subfield>
    <subfield code="e">director</subfield>
  </datafield>
  <datafield tag="700" ind1="1" ind2=" ">
    <subfield code="9">161577</subfield>
    <subfield code="a">Barrera Rodr&#xED;guez, Adriana Isabel</subfield>
    <subfield code="e">asesora</subfield>
  </datafield>
  <datafield tag="700" ind1="1" ind2=" ">
    <subfield code="9">150304</subfield>
    <subfield code="a">Ram&#xED;rez Sep&#xFA;lveda, Marco Favio</subfield>
    <subfield code="e">asesor</subfield>
  </datafield>
  <datafield tag="856" ind1="4" ind2="0">
    <subfield code="y">DESCARGAR PDF</subfield>
    <subfield code="u">http://10.13.5.2/tesis/tl/2021_IA_Conde_Vega_MariaLuisa-Montes_Arteaga_Bibiana.pdf</subfield>
  </datafield>
  <datafield tag="942" ind1=" " ind2=" ">
    <subfield code="2">Clasificaci&#xF3;n Universidad Aut&#xF3;noma Chapingo</subfield>
    <subfield code="c">TD</subfield>
  </datafield>
  <datafield tag="999" ind1=" " ind2=" ">
    <subfield code="c">219979</subfield>
    <subfield code="d">219979</subfield>
  </datafield>
  <datafield tag="952" ind1=" " ind2=" ">
    <subfield code="0">0</subfield>
    <subfield code="1">0</subfield>
    <subfield code="2">local</subfield>
    <subfield code="4">0</subfield>
    <subfield code="7">0</subfield>
    <subfield code="8">TesDigL</subfield>
    <subfield code="a">IA_</subfield>
    <subfield code="b">IA_</subfield>
    <subfield code="c">E_L</subfield>
    <subfield code="d">2024-06-10</subfield>
    <subfield code="e">El autor</subfield>
    <subfield code="l">0</subfield>
    <subfield code="p">1201013862</subfield>
    <subfield code="r">2024-06-10 00:00:00</subfield>
    <subfield code="w">2024-06-10</subfield>
    <subfield code="y">TD</subfield>
  </datafield>
  <datafield tag="952" ind1=" " ind2=" ">
    <subfield code="0">0</subfield>
    <subfield code="1">0</subfield>
    <subfield code="2">local</subfield>
    <subfield code="4">0</subfield>
    <subfield code="5">1</subfield>
    <subfield code="7">0</subfield>
    <subfield code="8">TesDigL</subfield>
    <subfield code="a">BD</subfield>
    <subfield code="b">BD</subfield>
    <subfield code="c">E_L</subfield>
    <subfield code="d">2025-02-12</subfield>
    <subfield code="l">0</subfield>
    <subfield code="o">Tesis digital</subfield>
    <subfield code="r">2025-02-12 13:26:20</subfield>
    <subfield code="w">2025-02-12</subfield>
    <subfield code="y">TD</subfield>
  </datafield>
</record>
